000 00324nam a2200133 4500
005 20260530115312.0
100 1 _aTibor Kalman
_933004
245 1 0 _aVitra / Catalogue
264 1 _bVitra Museum
_c2010
300 _a579 páginas
336 _atexto
_2rdacontent
337 _asin medio
_2rdamedia
338 _avolumen
_2rdacarrier
999 _c13419
_d13419